The Autocad drafting package (Record no. 9099)

MARC details
000 -LEADER
fixed length control field 00506nam a2200169Ia 4500
003 - CONTROL NUMBER IDENTIFIER
control field IN-BaIIA
008 - FIXED-LENGTH DATA ELEMENTS--GENERAL INFORMATION
fixed length control field 211028s9999 xx 000 0 eng d
040 ## - CATALOGING SOURCE
Transcribing agency IIA Library
080 ## - UNIVERSAL DECIMAL CLASSIFICATION NUMBER
Universal Decimal Classification number 519.68(035)
Item number AUT
110 ## - MAIN ENTRY--CORPORATE NAME
Corporate name or jurisdiction name as entry element Autodesk
9 (RLIN) 15275
245 #4 - TITLE STATEMENT
Title The Autocad drafting package
Remainder of title user guide
Statement of responsibility, etc. Autodesk Inc.
260 ## - PUBLICATION, DISTRIBUTION, ETC.
Place of publication, distribution, etc. Sausalito
Name of publisher, distributor, etc. Autodesk
Date of publication, distribution, etc. 1986
300 ## - PHYSICAL DESCRIPTION
Extent [various pagings.]
650 ## - SUBJECT ADDED ENTRY--TOPICAL TERM
Topical term or geographic name entry element Computers manual
9 (RLIN) 15276
650 ## - SUBJECT ADDED ENTRY--TOPICAL TERM
Topical term or geographic name entry element NASA thesaurus
942 ## - ADDED ENTRY ELEMENTS (KOHA)
Koha item type Books
Holdings
Withdrawn status Lost status Damaged status Not for loan Home library Current library Shelving location Date acquired Cost, normal purchase price Total Checkouts Full call number Barcode Date last seen Cost, replacement price Price effective from Koha item type Purchase Price
        IIA Library-Bangalore IIA Library-Bangalore General Stacks   250.00   519.68(035)/ AUT 10001 05/11/2021 250.00   Books Rs. 250

Powered by Koha